[Event "TCh-RUS HL"]
[Site "Sochi RUS"]
[Date "2007.05.06"]
[Round "4"]
[White "Yudin,S"]
[Black "Kalugin,Sergey"]
[Result "1/2-1/2"]
[WhiteElo "2511"]
[BlackElo "2360"]

1.e4 d6 2.d4 Nf6 3.Nc3 e5 4.Nge2 Be7 5.h3 O-O 6.g4 exd4 7.Qxd4 Nc6 8.Qd1 Re8
9.Bg2 Nd7 10.O-O Bh4 11.f4 Rb8 12.a4 Nc5 13.Be3 Nxe4 14.Bxe4 d5 15.Qxd5 Qxd5
16.Nxd5 Rxe4 17.Nec3 Re8 18.Bf2 Bd8 19.Nb5 h5 20.Nbxc7 Re2 21.b4 Nxb4 22.Rfe1 Nxd5
23.Nxd5 Rxe1+ 24.Rxe1 Be6 25.c4 hxg4 26.hxg4 Bxg4 27.Bxa7 Rc8 28.Bb6 Be6
29.f5 Bxd5 30.Re8+ Kh7 31.Rxd8 Rxd8 32.Bxd8 Bxc4 33.f6  1/2-1/2

[Event "4NCL 2006-07"]
[Site "Wokefield Park ENG"]
[Date "2007.05.06"]
[Round "10"]
[White "Eggleston,D"]
[Black "Shaw,J"]
[Result "0-1"]
[WhiteElo "2300"]
[BlackElo "2441"]

1.e4 d6 2.d4 Nf6 3.Nc3 e5 4.dxe5 dxe5 5.Qxd8+ Kxd8 6.Bc4 Bb4 7.Bd2 Ke7 8.Nge2 c6
9.a4 a5 10.f3 Nbd7 11.g4 Nb6 12.Bd3 Nfd7 13.Ng3 g6 14.b3 Nc5 15.Bf1 Rd8 16.Nb1 Be6
17.Bxb4 axb4 18.Nd2 Nc8 19.Bc4 b5 20.Bxe6 Kxe6 21.a5 Rd7 22.Ke2 Rda7 23.Ke3 Rxa5
24.Rxa5 Rxa5 25.Ne2 Ra2 26.Rc1 Nd6 27.f4 f6 28.fxe5 fxe5 29.Ng3 Ke7 30.Nf3 Nf7
31.h4 Ne6 32.Ne2 c5 33.g5 Nd4 34.Nexd4 exd4+ 35.Kd3 Ke6 36.Rg1 Ne5+ 37.Nxe5 Kxe5
38.Rc1 c4+ 39.bxc4 Ra3+ 40.Kd2 bxc4  0-1

[Event "TCh-RUS HL"]
[Site "Sochi RUS"]
[Date "2007.05.07"]
[Round "5"]
[White "Zharov,D"]
[Black "Yatsenko,A"]
[Result "0-1"]
[WhiteElo "2337"]
[BlackElo "2430"]

1.e4 d6 2.d4 Nf6 3.Nc3 Nbd7 4.g3 e5 5.Nge2 Be7 6.Bg2 c6 7.a4 Rb8 8.O-O b6
9.b3 a6 10.Bb2 Bb7 11.Qd2 O-O 12.Nd1 Re8 13.dxe5 dxe5 14.Ne3 Bf8 15.Rfd1 Qc7
16.Nf5 Nc5 17.Nc3 h6 18.Ba3 Bc8 19.Qe3 a5 20.b4 axb4 21.Bxb4 g6 22.Bxc5 Bxc5
23.Qxh6 Bxf5 24.exf5 Ng4 25.Qg5 Nxf2 26.Kf1 Nxd1 27.Rxd1 Qe7 28.Qg4 Red8
29.Rxd8+ Qxd8 30.fxg6 Qf6+ 31.Bf3 Qxg6 32.Qxg6+ fxg6 33.Bxc6 Rf8+ 34.Ke1 Bb4  0-1

[Event "TCh-RUS w"]
[Site "Sochi RUS"]
[Date "2007.05.07"]
[Round "7"]
[White "Zaiatz,E"]
[Black "Kharashuta,E"]
[Result "1-0"]
[WhiteElo "2387"]
[BlackElo "2218"]

1.d4 d6 2.e4 Nf6 3.Nc3 e5 4.Nge2 Be7 5.g3 exd4 6.Nxd4 d5 7.e5 Nfd7 8.Nf5 Nxe5
9.Nxg7+ Kf8 10.Bh6 Kg8 11.Nh5 c6 12.Be2 Bf8 13.Qd2 f6 14.Bxf8 Qxf8 15.f4 Ng6
16.Nxd5  1-0

[Event "TCh-RUS HL"]
[Site "Sochi RUS"]
[Date "2007.05.08"]
[Round "6"]
[White "Batsanin,D"]
[Black "Kravchenko,Vl1"]
[Result "1-0"]
[WhiteElo "2452"]
[BlackElo "2435"]

1.e4 d6 2.d4 Nf6 3.Nc3 e5 4.dxe5 dxe5 5.Qxd8+ Kxd8 6.Bg5 Be6 7.O-O-O+ Kc8
8.f4 exf4 9.Bxf4 c6 10.a3 Nbd7 11.Nf3 Ng4 12.Rd2 f6 13.Nd4 Bf7 14.Nxc6 bxc6
15.Ba6+ Kd8 16.Bb7 Rc8 17.Rxd7+ Kxd7 18.Rd1+ Ke7 19.Bxc8 Be6 20.Bxe6 Kxe6
21.Rd8 g5 22.Bg3 h5 23.Ne2 h4 24.Bb8 c5 25.Kd2 a6 26.h3 Nh6 27.Bd6 Bg7 28.Rxh8 Bxh8
29.Bxc5 f5 30.exf5+ Kd5 31.b4 Nxf5 32.Kd3 Bb2 33.a4 a5 34.c3 Ba3 35.Bf8 axb4
36.cxb4 Bb2 37.b5 Be5 38.a5 Bd6 39.a6 Bb8 40.b6 Kc6 41.a7  1-0

[Event "TCh-RUS"]
[Site "Sochi RUS"]
[Date "2007.05.08"]
[Round "7"]
[White "Kurnosov,I"]
[Black "Maletin,P"]
[Result "1/2-1/2"]
[WhiteElo "2566"]
[BlackElo "2541"]

1.e4 d6 2.d4 Nf6 3.Nc3 e5 4.Nf3 Nbd7 5.Be2 c6 6.Be3 Ng4 7.Bg5 Be7 8.Bxe7 Qxe7
9.Qd2 O-O 10.Rd1 Ngf6 11.O-O exd4 12.Nxd4 Nc5 13.f3 a5 14.Nb3 Nxb3 15.axb3 d5
16.exd5 Nxd5 17.Nxd5 cxd5 18.Rfe1 Qc5+ 19.Kh1 Bf5 20.c3 Qb6 21.Qxd5 Bc2 22.Rd4 Rae8
23.Kg1 Bxb3 24.Qd6 Qxd6 25.Rxd6 Re7 26.Kf2 Rfe8 27.Rd2 Bc4 28.Bxc4 Rxe1 29.Bb5 Kf8
30.Bxe8 Rxe8 31.Rd5 b6 32.Rd6 Rb8 33.Rd7 Re8 34.Rb7 Re6 35.f4 g6 36.g4 h6
37.Kf3 Kg7 38.h3 Kf6 39.Kf2 Rd6 40.Ke3 Ke6  1/2-1/2

[Event "TCh-RUS"]
[Site "Sochi RUS"]
[Date "2007.05.08"]
[Round "7"]
[White "Asrian,K"]
[Black "Bocharov,D"]
[Result "0-1"]
[WhiteElo "2635"]
[BlackElo "2614"]

1.e4 d6 2.d4 Nf6 3.Nc3 e5 4.Nf3 Nbd7 5.Bc4 Be7 6.O-O O-O 7.a4 c6 8.Ba2 a5
9.Qe2 exd4 10.Nxd4 Re8 11.Bf4 Bf8 12.Rfe1 Ne5 13.Rad1 Qb6 14.Bb3 d5 15.Bxe5 Rxe5
16.Nf3 Bg4 17.h3 Bxf3 18.Qxf3 Rae8 19.Re2 Bb4 20.Qg3 Bxc3 21.Qxc3 Nxe4 22.Qe1 R5e6
23.Rd3 g6 24.Rde3 Qb4 25.Qc1 Kg7 26.h4 h5 27.Rf3 Nd2  0-1

[Event "TCh-RUS w"]
[Site "Sochi RUS"]
[Date "2007.05.09"]
[Round "9"]
[White "Ubiennykh,E"]
[Black "Kirillova,V"]
[Result "1/2-1/2"]
[WhiteElo "2302"]
[BlackElo "2251"]

1.e4 d6 2.d4 Nf6 3.Nc3 e5 4.Nf3 Nbd7 5.Bc4 Be7 6.O-O O-O 7.Re1 c6 8.a4 Rb8
9.Bg5 h6 10.Bxf6 Bxf6 11.d5 Nb6 12.Bb3 a5 13.Qd3 Be7 14.Nd2 Kh8 15.Nc4 Nxc4
16.Qxc4 Qb6 17.Kh1 Bh4 18.Red1 cxd5 19.Nxd5 Qxf2 20.Qc7 Be6 21.Qxa5 f5 22.Rd2 Qc5
23.Qxc5 dxc5 24.exf5 Bxf5 25.Re2 e4 26.Ne3 Bg6 27.Bd5 Rf2 28.Rae1 Rxe2 29.Rxe2 Rd8
30.c4 b6 31.g4 Bf6 32.Nf5 Bxf5 33.gxf5 Re8 34.b3 e3 35.Kg2 Re5 36.Kf3 Rxf5+
37.Kxe3 Re5+ 38.Be4 Kg8 39.Kf3  1/2-1/2

[Event "Mitropa Cup Women"]
[Site "Szeged HUN"]
[Date "2007.05.09"]
[Round "2"]
[White "Kopinits,A"]
[Black "Vajda,S"]
[Result "0-1"]
[WhiteElo "2198"]
[BlackElo "2407"]

1.e4 d6 2.d4 Nf6 3.Nc3 Nbd7 4.Nf3 e5 5.Bc4 Be7 6.dxe5 dxe5 7.Bxf7+ Kxf7 8.Ng5+ Kg8
9.Ne6 Qe8 10.Nxc7 Qg6 11.Nxa8 Qxg2 12.Rf1 Nc5 13.Nc7 Bh3 14.Qe2 Qxf1+ 15.Qxf1 Bxf1
16.Kxf1 Ncxe4 17.Nxe4 Nxe4 18.Be3 Kf7 19.Bxa7 Rc8 20.Nd5 Rxc2 21.Nxe7 Kxe7
22.b4 Rc4 23.b5 Ra4 24.Be3 Nc3 25.Rc1 Nxb5 26.Rb1 Nd4 27.Rxb7+ Kf6 28.Rb6+ Ne6
29.Rb2 Kf5 30.Rc2 g5 31.Ke2 Nd4+ 32.Bxd4 exd4 33.Kd3 g4 34.Rc7 h5 35.Rc5+ Kg6
36.h4 gxh3 37.f4 h2 38.Rc1 Kf5 39.Rh1 Rxa2  0-1

[Event "TCh-RUS"]
[Site "Sochi RUS"]
[Date "2007.05.10"]
[Round "9"]
[White "Amonatov,F"]
[Black "Maletin,P"]
[Result "1/2-1/2"]
[WhiteElo "2574"]
[BlackElo "2541"]

1.e4 d6 2.d4 Nf6 3.Nc3 e5 4.Nf3 Nbd7 5.Bc4 Be7 6.O-O O-O 7.Re1 c6 8.a4 b6
9.Ba2 a6 10.h3 Rb8 11.dxe5 dxe5 12.Nh4 Nc5 13.Qf3 b5 14.axb5 axb5 15.Nf5 Bxf5
16.exf5 b4 17.Ne2 e4 18.Qg3 Bd6 19.Qh4 b3 20.Bxb3 Nxb3 21.cxb3 Rxb3 22.Nc3 Rb4
23.Be3 Qc8 24.Rad1 Be7 25.Qf4 Re8 26.Bd4 c5 27.Bxf6 Bxf6 28.Nxe4 Bxb2 29.f6 Re6
30.fxg7 Kxg7 31.Qg5+ Rg6 32.Qxc5 Qxc5 33.Nxc5 Bd4 34.Nd3 Ra4 35.Re4 Ra1 36.Rxa1 Bxa1
37.Kf1 Ra6 38.g3 Ra5 39.Rg4+ Kf6 40.Kg2 Be5 41.Rh4 Kg6 42.Rc4 Rd5 43.Rc6+ Kg7
44.Ne1 Bd4 45.Nf3 Bf6 46.Ra6 Rb5 47.Nd2 Re5 48.Nc4 Rc5 49.Nd6 Be7 50.Ne4 Re5
51.Ra4 Rb5 52.g4 h5 53.Ra7 Kf8 54.Ng3 hxg4 55.hxg4 Bc5 56.Rc7 Bb6 57.Rc8+ Ke7
58.Nf5+ Ke6 59.Rc6+ Ke5 60.Nh6 f5 61.Nf7+ Ke4 62.f3+ Ke3 63.g5 Rb2+ 64.Kg3 f4+
65.Kg4 Rg2+ 66.Kf5 Bd4 67.Rc4 Rg3 68.Rxd4 Kxd4 69.Kxf4 Rg1 70.Kf5 Ra1 71.f4 Ke3
72.g6 Rf1 73.g7 Rxf4+ 74.Kg6 Rg4+ 75.Kh7 Rf4 76.Ne5 Rf1 77.Ng4+ Kf3  1/2-1/2

[Event "TCh-RUS w"]
[Site "Sochi RUS"]
[Date "2007.05.10"]
[Round "10"]
[White "Komiagina,M"]
[Black "Fominykh,M"]
[Result "1/2-1/2"]
[WhiteElo "2288"]
[BlackElo "2306"]

1.e4 d6 2.d4 Nf6 3.Nc3 e5 4.Nge2 c6 5.f3 b5 6.Be3 Be7 7.Qd2 a6 8.g4 h5 9.g5 Nfd7
10.Rg1 g6 11.f4 Nb6 12.b3 exf4 13.Bxf4 b4 14.Nd1 d5 15.e5 a5 16.Kf2 O-O 17.Kg2 c5
18.Kh1 Nc6 19.Nf2 a4 20.Bg2 Ba6 21.Nd3 c4 22.bxc4 Nxc4 23.Qd1 Qb6 24.c3 bxc3
25.Nxc3 Qxd4 26.Nxd5 N4a5 27.Ne1 Bc5 28.Nf3 Qb2 29.Qc1 Nc4 30.Re1 Nb4  1/2-1/2

[Event "TCh-RUS w"]
[Site "Sochi RUS"]
[Date "2007.05.10"]
[Round "10"]
[White "Novikova,A"]
[Black "Bystryakova,E"]
[Result "1/2-1/2"]
[WhiteElo "2272"]
[BlackElo "2189"]

1.e4 d6 2.d4 Nf6 3.Nc3 e5 4.Nf3 exd4 5.Nxd4 Be7 6.Be2 O-O 7.O-O a6 8.a4 Nc6
9.f4 Nxd4 10.Qxd4 Re8 11.Bf3 Bg4 12.Bd2 Bxf3 13.Rxf3 Nd7 14.Qc4 Bf6 15.Nd5 c6
16.Nc3 Qb6+ 17.Kh1 Qxb2 18.Ra2 Qb6 19.a5 Qc5 20.Qe2 Qb4 21.Ra4 Qc5 22.Qd3 b5
23.axb6 Qxb6 24.Be3 Nc5 25.Qxd6 Bxc3 26.Qxc5 Qb5 27.Rc4 Ba5 28.Qxc6 Qxc6
29.Rxc6 Rxe4 30.Kg1 Bb4 31.c3 Bf8 32.Bd4 a5 33.Rf1 a4 34.Ra1 Rxf4 35.g3 Re4
36.Kf2 a3 37.Kf3 Ree8 38.Rb6 f6 39.Rbb1 Kf7 40.Rc1 Ra4 41.Ra2 Re6 42.Rb1 Rc4
43.Rb7+ Kg6 44.g4 h5 45.gxh5+ Kxh5 46.Rb8 Be7 47.Rg8 Kh6 48.Rg2 g5 49.h4 Kh7
50.Ra8 Kg6 51.Rg8+ Kf7 52.Rh8 gxh4 53.Rxh4 Re1 54.Ra2 Ke6 55.Kf2 Rb1 56.Re2+ Kd6
57.Rhe4 Bd8 58.Re6+ Kd7 59.Ra6 Rb3 60.Ke3 Rc6 61.Ra7+ Rc7 62.Ra6 Rc6 63.Ra7+ Kd6
64.Rf2 Rcxc3+ 65.Bxc3 Bb6+ 66.Kd2 Bxa7 67.Rxf6+ Kd5 68.Rf5+ Kc6 69.Rf6+ Kb7
70.Kc2 Rb5 71.Rf1 Bc5 72.Rb1  1/2-1/2

[Event "TCh-RUS w"]
[Site "Sochi RUS"]
[Date "2007.05.10"]
[Round "10"]
[White "Solovjova,V"]
[Black "Kharashuta,E"]
[Result "1/2-1/2"]
[WhiteElo "2261"]
[BlackElo "2218"]

1.e4 d6 2.d4 Nf6 3.Nc3 e5 4.Nf3 Nbd7 5.Bc4 Be7 6.O-O O-O 7.Re1 c6 8.a4 exd4
9.Nxd4 Ne5 10.Bf1 Re8 11.h3 h6 12.f4 Ng6 13.Be3 Bf8 14.Bd3 Qa5 15.Qf3 Bd7
16.Bf2 Rad8 17.Nb3 Qc7 18.Rad1 b6 19.Bg3 c5 20.Bc4 Bc6 21.Bd5 Qd7 22.Bxc6 Qxc6
23.Nd2 a6 24.Nf1 b5 25.axb5 axb5 26.Nd5 Nxd5 27.Rxd5 Ne7 28.Rd2 f5 29.Bh4 Ra8
30.Bxe7 Rxe7 31.Ng3 g6 32.Rde2 Rae8 33.b3 Bg7 34.Qd3 c4 35.bxc4 bxc4 36.Qf3 Bf6
37.exf5 Qxf3 38.gxf3 Rxe2 39.Rxe2 Rxe2 40.Nxe2 gxf5 41.Ng3 Bd4+ 42.Kf1 Be3
43.Nxf5 Bxf4 44.Nh4 Bg5 45.Ke2  1/2-1/2

[Event "Mitropa Cup Men"]
[Site "Szeged HUN"]
[Date "2007.05.11"]
[Round "4"]
[White "Kurmann,O"]
[Black "Varga,Zo"]
[Result "1/2-1/2"]
[WhiteElo "2433"]
[BlackElo "2499"]

1.e4 d6 2.d4 Nf6 3.Nc3 Nbd7 4.g4 h6 5.h3 e5 6.Bg2 c6 7.Nge2 b5 8.Ng3 g6 9.O-O Bg7
10.Be3 Bb7 11.f4 Qe7 12.Qd2 a6 13.a4 exd4 14.Bxd4 O-O 15.Rae1 Rad8 16.axb5 axb5
17.Nd5 cxd5 18.exd5 Ne5 19.fxe5 dxe5 20.Bxe5 Qc5+ 21.Bd4 Qd6 22.Be5 Qc5+
23.Kh1 Nxd5 24.Bxg7  1/2-1/2

[Event "Mitropa Cup Men"]
[Site "Szeged HUN"]
[Date "2007.05.11"]
[Round "4"]
[White "Michalik,P"]
[Black "Borgo,G"]
[Result "1-0"]
[WhiteElo "2311"]
[BlackElo "2418"]

1.d4 Nf6 2.Nc3 d6 3.e4 Nbd7 4.Nf3 e5 5.Bc4 Be7 6.O-O O-O 7.Re1 c6 8.Bf1 b5
9.Bg5 a6 10.d5 Bb7 11.dxc6 Bxc6 12.a3 Re8 13.Qd2 h6 14.Bxf6 Nxf6 15.g3 Qc7
16.Nh4 Bf8 17.Nf5 Rad8 18.Bg2 Qb7 19.Rad1 a5 20.Ne3 Nxe4  1-0

[Event "25th Liechtenstein Open"]
[Site "Triesen LIE"]
[Date "2007.05.12"]
[Round "2"]
[White "Bergen,K"]
[Black "Mira,H"]
[Result "1/2-1/2"]
[WhiteElo "1961"]
[BlackElo "2171"]

1.e4 d6 2.d4 Nf6 3.Nc3 c6 4.f4 Qa5 5.Bd3 e5 6.dxe5 dxe5 7.f5 b5 8.Bd2 b4
9.Nce2 Qb6 10.Ng3 Bc5 11.Nh3 Ba6 12.Qe2 Bxd3 13.Qxd3 Na6 14.O-O-O Rd8 15.Qe2 Bd4
16.Nh5 Nxh5 17.Qxh5 O-O 18.Ng5 h6 19.f6 Be3 20.fxg7 Kxg7 21.Nf3 f6 22.Rhe1 Bxd2+
23.Rxd2 Rxd2 24.Nxd2 Qc7 25.Re3 Rh8 26.Rg3+ Kf8 27.Qf5 Rh7 28.Rg6 Rf7 29.Rxh6 Ke7
30.Rh7 Kd6 31.Rh3 Ke7 32.Rh7 Kd6 33.Rh3  1/2-1/2

[Event "25th Liechtenstein Open"]
[Site "Triesen LIE"]
[Date "2007.05.12"]
[Round "2"]
[White "Landenbergue,C"]
[Black "Simon,Pete GER"]
[Result "1-0"]
[WhiteElo "2435"]
[BlackElo "2163"]

1.e4 d6 2.d4 Nf6 3.Nc3 e5 4.Nf3 Nbd7 5.Bc4 Be7 6.O-O O-O 7.Re1 c6 8.a4 b6
9.d5 cxd5 10.Bxd5 Nxd5 11.Nxd5 Nf6 12.b3 Nxd5 13.Qxd5 Be6 14.Qd3 Qc7 15.Ba3 Rfd8
16.c4 a6 17.Nd2 Rab8 18.Bb4 Qb7 19.Qg3 f6 20.Nf1 b5 21.cxb5 axb5 22.a5 d5
23.a6 Qa7 24.Bxe7 Qxe7 25.exd5 Bxd5 26.Ne3 Be6 27.Qf3 Ra8 28.Red1 Rxd1+ 29.Nxd1 Ra7
30.Nc3 Qc5 31.Qd3 Bd7 32.Qd5+ Qxd5 33.Nxd5 Be6 34.Nc3 Bc8 35.Nxb5 Rxa6 36.Rxa6 Bxa6
37.Nd6 Kf8 38.b4 Ke7 39.Nf5+ Kf7 40.b5 Bxb5 41.Nd6+ Ke6 42.Nxb5  1-0

[Event "ch-LTU"]
[Site "Siauliai LTU"]
[Date "2007.05.13"]
[Round "11"]
[White "Sulskis,S"]
[Black "Labeckas,K"]
[Result "1-0"]
[WhiteElo "2528"]
[BlackElo "2248"]

1.e4 d6 2.d4 Nf6 3.Nc3 e5 4.Nf3 Nbd7 5.Bc4 Be7 6.a4 c6 7.a5 Rb8 8.d5 cxd5
9.exd5 O-O 10.Be3 b6 11.a6 Nc5 12.O-O Bg4 13.Be2 h6 14.Nd2 Bf5 15.Kh1 Nce4
16.Ndxe4 Nxe4 17.Nb5 Qd7 18.f3 Nf6 19.c4 Ra8 20.b4 Ne8 21.f4 f6 22.Rc1 Nc7
23.Nxd6 Bxd6 24.c5 Ne8 25.cxd6 Nxd6 26.Rc6 Kh8 27.fxe5 fxe5 28.Qa1 Qe7 29.Qc1 Rf6
30.Rc7 Qf8 31.Kg1 Ne8 32.Rc6 Nd6 33.Qc3 Bd7 34.Rxf6 Qxf6 35.Rc7 Nb5 36.Bxb5 Bxb5
37.h3 Bxa6 38.Kh2 Bb5 39.Rc8+ Rxc8 40.Qxc8+ Kh7 41.Qc7 a5 42.d6 Qf5 43.Qxb6 Bf1
44.Qc6 Qg6 45.bxa5 e4 46.g4 Qe6 47.Qc5 Qa2+ 48.Bf2 Qd2 49.Qf5+ Kg8 50.Qe6+ Kh8
51.Qe8+ Kh7 52.Qxe4+ Kh8 53.Qa8+ Kh7 54.Qe4+ Kh8 55.Qd4 Qxa5 56.d7 Qd8 57.Bh4  1-0

[Event "Mitropa Cup Men"]
[Site "Szeged HUN"]
[Date "2007.05.14"]
[Round "7"]
[White "Petr,Ma"]
[Black "Sebenik,M"]
[Result "1-0"]
[WhiteElo "2443"]
[BlackElo "2483"]

1.e4 d6 2.d4 Nf6 3.Nc3 e5 4.dxe5 dxe5 5.Qxd8+ Kxd8 6.Bg5 c6 7.f4 h6 8.Bxf6+ gxf6
9.Bc4 Be6 10.O-O-O+ Nd7 11.Bxe6 fxe6 12.fxe5 fxe5 13.Nge2 Rg8 14.Rhf1 Be7
15.g3 Ke8 16.a4 h5 17.b3 Rg4 18.Kb2 Nf6 19.Rd3 Rd8 20.h3 Rg6 21.Rff3 Nh7
22.Rxd8+ Bxd8 23.b4 Ng5 24.Rf1 a5 25.Kb3 axb4 26.Kxb4 Nxh3 27.Rh1 Nf2 28.Rh2 Ng4
29.Rxh5 Nf6 30.Rh8+ Kd7 31.Kc4 Ba5 32.Rf8 Bd8 33.Kd3 Rh6 34.Rf7+ Be7 35.Rg7 Ke8
36.Rg5 Nd7 37.Rg8+ Nf8 38.Ng1 Kf7 39.Rg4 Rh5 40.Nf3 Bf6 41.Nd1 Rh1 42.Ne3 Ra1
43.Nc4 Rxa4 44.Nfxe5+ Bxe5 45.Nxe5+ Kf6 46.Nc4 e5 47.Rh4 b5 48.Ne3 Ng6 49.Rg4 Ra3+
50.Kd2 Ra1 51.Nd1 Ra4 52.Nb2 Rd4+ 53.Nd3 c5 54.Ke3 Rd8 55.Nxc5 Rc8 56.Nd7+ Kf7
57.Rg5 Re8 58.Nb6 Re6 59.Nd5 Ra6 60.Rf5+ Kg7 61.c3 Ra3 62.Kd3 Ra1 63.Rf3 Ra2
64.Ne3 Kh6 65.Rf5 Kg7 66.Ng4 Rg2 67.Nxe5 Rxg3+ 68.Kd4 Nf8 69.Rf7+ Kg8 70.Rf6 Rg5
71.Nf3 Rg3 72.Rf5 Rh3 73.Ke3 Ng6 74.Kf2 Rh7 75.Rxb5 Rc7 76.Rb3 Kf7 77.Ke3 Ke7
78.Kd2 Rc4 79.Rb4 Rc6 80.Rb5 Nf4 81.Rf5 Ng6 82.Nd4 Rd6 83.Rg5 Nf4 84.Ke3  1-0

[Event "ch-USA"]
[Site "Stillwater USA"]
[Date "2007.05.15"]
[Round "1"]
[White "Bonin,J"]
[Black "Ivanov,AV USA"]
[Result "1/2-1/2"]
[WhiteElo "2352"]
[BlackElo "2565"]

1.d4 d6 2.e4 Nf6 3.Nc3 Nbd7 4.Nf3 e5 5.g3 c6 6.a4 b6 7.h3 Be7 8.Bg2 Ba6 9.Nh4 O-O
10.Nf5 d5 11.exd5 Nxd5 12.Qg4 g6 13.Bxd5 cxd5 14.Nxe7+ Qxe7 15.Nxd5 Qe6 16.Qxe6 fxe6
17.Nc7 Bb7 18.O-O Rac8 19.Nb5 Rxc2 20.Bh6 Rf3 21.Nd6 Bd5 22.Rac1 Rxg3+ 23.fxg3 Rg2+
24.Kh1 Rf2+ 25.Kg1 Rg2+  1/2-1/2

[Event "Mitropa Cup Women"]
[Site "Szeged HUN"]
[Date "2007.05.15"]
[Round "8"]
[White "Borosova,Z"]
[Black "Vajda,S"]
[Result "0-1"]
[WhiteElo "2206"]
[BlackElo "2407"]

1.e4 d6 2.d4 Nf6 3.Nc3 e5 4.Nf3 Nbd7 5.Bc4 Be7 6.O-O O-O 7.a4 c6 8.Qe2 exd4
9.Nxd4 Re8 10.Qd1 Bf8 11.Re1 d5 12.exd5 Rxe1+ 13.Qxe1 Nb6 14.Ba2 Nbxd5 15.Nxd5 Nxd5
16.Be3 Bg4 17.f3 Bh5 18.Bf2 Nf4 19.Ne2 Nxe2+ 20.Qxe2 Bg6 21.Rd1 Qa5 22.Bb3 Bc5
23.Bxc5 Qxc5+ 24.Qf2 Qxf2+ 25.Kxf2 Kf8 26.a5 Ke7 27.c3 Rd8 28.Re1+ Kf6 29.Re2 Bf5
30.g4 Be6 31.Bxe6 fxe6 32.Ke3 Rd5 33.b4 Re5+ 34.Kd3 Rxe2 35.Kxe2 Ke5 36.Ke3 g5
37.c4 b6 38.axb6 axb6 39.h4 gxh4 40.f4+ Kf6 41.Ke4 h6 42.c5 b5 43.Ke3 e5
44.f5 h5 45.gxh5 Kxf5  0-1

[Event "25th Liechtenstein Open"]
[Site "Triesen LIE"]
[Date "2007.05.15"]
[Round "5"]
[White "Kostic,VG"]
[Black "Simon,Pete GER"]
[Result "1-0"]
[WhiteElo "2410"]
[BlackElo "2163"]

1.e4 d6 2.d4 Nf6 3.Nc3 e5 4.Nf3 Nbd7 5.Bc4 Be7 6.h3 O-O 7.O-O c6 8.a4 b6
9.d5 cxd5 10.Nxd5 Bb7 11.Re1 Rc8 12.b3 Nxd5 13.exd5 f5 14.Ba3 Kh8 15.Qe2 Nc5
16.Nd4 Rf6 17.Bxc5 bxc5 18.Ne6 Qe8 19.Rad1 Qg6 20.f4 e4 21.g4 Qh6 22.Qg2 Rxe6
23.dxe6 Qxf4 24.Bd5 Bxd5 25.Rxd5 g6 26.Kh1 Rg8 27.Rg1 fxg4 28.Qxg4 Rf8 29.Qxf4 Rxf4
30.Rg4 Rxg4 31.hxg4 h6 32.b4 Kg7 33.bxc5 dxc5 34.Rd7 Kf6 35.Rxa7 Kxe6 36.a5 Bg5
37.a6 c4 38.Re7+  1-0

[Event "Mitropa Cup Men"]
[Site "Szeged HUN"]
[Date "2007.05.16"]
[Round "9"]
[White "Brunello,S"]
[Black "Sebenik,M"]
[Result "1-0"]
[WhiteElo "2454"]
[BlackElo "2483"]

1.e4 d6 2.d4 Nf6 3.Nc3 e5 4.Nf3 Nbd7 5.Bc4 Be7 6.O-O O-O 7.Re1 c6 8.a4 a5
9.b3 h6 10.Bb2 Qc7 11.h3 Re8 12.Qd2 Nh7 13.Rad1 Ng5 14.Qe3 Bf6 15.d5 Nb6
16.Nd2 Nh7 17.Ba3 Rd8 18.Bf1 Bg5 19.Qd3 Be7 20.Nc4 Nxc4 21.Qxc4 Qb6 22.Bc1 Nf6
23.Be3 Qb4 24.Qd3 Bd7 25.Na2 Qxe4 26.Qxe4 Nxe4 27.Bb6 cxd5 28.Rxd5 Bc6 29.Rxa5 Rxa5
30.Bxa5 Ra8 31.Bb6 Bg5 32.Bd3 f5 33.Rd1 d5 34.a5 d4 35.Nb4 Nc3 36.Nxc6 Nxd1
37.Nxe5 Bd8 38.Bxd8 Rxd8 39.Bxf5 Kf8 40.Be4 Re8 41.f4 g5 42.Bxb7 gxf4 43.Nf3 Nc3
44.a6 Nb5 45.Bc6 Rb8 46.Ne5  1-0

[Event "Stuttgarter Stadtmeisterschaft"]
[Site "Gerlingen GER"]
[Date "2007.05.17"]
[Round "1"]
[White "Cicak,S"]
[Black "Turski,T"]
[Result "1-0"]
[WhiteElo "2531"]
[BlackElo "2079"]

1.e4 d6 2.d4 Nf6 3.Nc3 c6 4.Bg5 g6 5.h3 Bg7 6.Nf3 O-O 7.Qd2 Qc7 8.Rd1 Nbd7
9.Bd3 a5 10.a4 e5 11.O-O Re8 12.Rfe1 Nf8 13.d5 Bd7 14.dxc6 Bxc6 15.Bc4 Rad8
16.Nd5 Bxd5 17.Bxd5 Ne6 18.Bxf6 Bxf6 19.c3 Nf4 20.Qe3 Rb8 21.g3 Ne6 22.Qd3 Qd7
23.Bxe6 Rxe6 24.Qc2 b5 25.Rd5 Bd8 26.Red1 Bc7 27.axb5 Rxb5 28.Kg2 Rxd5 29.Rxd5 Re8
30.Qd3 Qc6 31.b4 axb4 32.cxb4 Qb6 33.b5 Ra8 34.Qc2 Ra5 35.Nd2 Qa7 36.Qc6 Ra2
37.Rd3 Rb2 38.Rf3 Rxd2 39.Qe8+ Kg7 40.Rxf7+ Kh6 41.Qf8+ Kh5 42.Rxh7+ Kg5
43.Qe7+  1-0

[Event "Stuttgarter Stadtmeisterschaft"]
[Site "Gerlingen GER"]
[Date "2007.05.17"]
[Round "2"]
[White "Lobzhanidze,D"]
[Black "Bader,Gerd"]
[Result "1-0"]
[WhiteElo "2450"]
[BlackElo "2133"]

1.e4 d6 2.d4 Nf6 3.Nc3 Nbd7 4.Nf3 e5 5.Bc4 Be7 6.O-O O-O 7.Re1 c6 8.a4 b6
9.b3 Bb7 10.Bb2 a6 11.Bd3 Re8 12.Ne2 Bf8 13.Ng3 Qc7 14.c3 b5 15.Qc2 Rac8
16.c4 bxa4 17.Rxa4 c5 18.d5 Ra8 19.Bc3 g6 20.Ba5 Qc8 21.Rb1 Kg7 22.Be2 h6
23.Ne1 Be7 24.Nd3 h5 25.Bf3 Rh8 26.b4 cxb4 27.Raxb4 Rb8 28.Qb2 Ba8 29.Rxb8 Qxb8
30.Qxb8 Rxb8 31.Rxb8 Nxb8 32.c5 dxc5 33.Nxe5 Nbd7 34.Nc4 Bb7 35.Nf1 Ne8 36.e5 f6
37.d6 Bxf3 38.gxf3 fxe5 39.dxe7 Kf7 40.Bd8 Ke6 41.Nfe3 Ndf6 42.Kf1 Kd7 43.Nxe5+ Kd6
44.Nxg6 Nd5 45.Ke2 Nb4 46.Kd2 Nc6 47.Nc4+ Ke6 48.Nf4+ Kf5 49.Nxh5 Kg5 50.Ng3 Kf4
51.h4 Kxf3 52.h5  1-0

[Event "16th TCh-CRO"]
[Site "Sibenik CRO"]
[Date "2007.05.17"]
[Round "1"]
[White "Plenca,J"]
[Black "Lacmanovic,S"]
[Result "1/2-1/2"]
[WhiteElo "2211"]
[BlackElo "2081"]

1.e4 d6 2.d4 Nf6 3.Nc3 c6 4.h3 g6 5.g3 Bg7 6.Bg2 O-O 7.Nge2 Nbd7 8.O-O Rb8
9.a4 b6 10.Be3 Ba6 11.Qd2 c5 12.Nb5 Bb7 13.d5 a6 14.Na3 b5 15.axb5 axb5 16.b4 Bc8
17.Rab1 Ba6 18.Nc3 cxb4 19.Rxb4 Qa5 20.Ne2 Qxa3 21.Bd4 Nxe4 22.Bxe4 Bxd4
23.Qxd4 Qa5 24.Ra1 Qb6 25.Qd2 Ne5 26.Nd4 Rfc8 27.Qg5 Rc4 28.Rxc4 bxc4 29.c3 f6
30.Qh6 Bc8 31.Nc6 Nxc6 32.dxc6 Be6 33.Rb1 Qxb1+ 34.Bxb1 Rxb1+ 35.Kh2 Bd5
36.g4 Bxc6 37.Qe3 Kf7 38.f3 Rd1 39.Qh6 Kg8 40.Qf4 Bd5 41.Qe3 Kf7 42.Qh6 Kg8
43.Qe3 Kf7 44.Qh6 Kg8  1/2-1/2

[Event "42nd Capablanca Mem Abierto"]
[Site "Havana CUB"]
[Date "2007.05.18"]
[Round "1"]
[White "Diaz Hernandez,H"]
[Black "Blanco,H"]
[Result "1/2-1/2"]
[WhiteElo "2167"]
[BlackElo "2405"]

1.e4 d6 2.d4 Nf6 3.Nc3 e5 4.dxe5 dxe5 5.Qxd8+ Kxd8 6.Bg5 Be6 7.Nf3 Nd7 8.O-O-O Kc8
9.Bh4 h6 10.Bb5 Bd6 11.Rhe1 Ne8 12.Ba4 f6 13.Bb3 Bxb3 14.axb3 c6 15.Re2 Kc7
16.Red2 Nf8 17.Bg3 Rd8 18.Nh4 g6 19.Kb1 Ng7 20.f4 Nge6 21.f5 gxf5 22.Nxf5 Bc5
23.Rxd8 Nxd8 24.Na4 Nfe6 25.Bh4  1/2-1/2

[Event "25th Liechtenstein Open"]
[Site "Triesen LIE"]
[Date "2007.05.18"]
[Round "8"]
[White "Raddatz,M"]
[Black "Simon,Pete GER"]
[Result "0-1"]
[WhiteElo "2026"]
[BlackElo "2163"]

1.e4 d6 2.d4 Nf6 3.Nc3 Nbd7 4.Nf3 e5 5.Bc4 Be7 6.h3 O-O 7.O-O c6 8.a4 b6
9.d5 cxd5 10.Nxd5 Bb7 11.Re1 Nxd5 12.Bxd5 Bxd5 13.Qxd5 Qc7 14.Qd1 Rad8 15.b3 Nc5
16.c4 Qb7 17.Qc2 f6 18.Ba3 Ne6 19.Rad1 a6 20.Qd2 Rd7 21.Qd5 Qxd5 22.cxd5 Nf4
23.Bc1 Ng6 24.Be3 Rb8 25.Rc1 Bd8 26.Nd2 Ne7 27.b4 b5 28.a5 Rc8 29.Nb3 Kf8
30.Rxc8 Nxc8 31.f4 Rc7 32.Rc1 Rxc1+ 33.Nxc1 Bc7 34.Nd3 Bb8 35.Kf2 Ba7 36.Bxa7 Nxa7
37.fxe5 fxe5 38.Kf3 Nc8 39.Kg4 Ne7 40.Ne1 Kf7 41.Nf3 h6 42.Kh5 Ng8 43.Nd2 Ne7
44.g4 Ng6 45.g5 Nf4+ 46.Kg4 h5+ 47.Kf3 Nxh3 48.g6+ Kxg6 49.Nc4 Ng5+ 50.Ke3 bxc4
51.b5 Nxe4 52.Kxe4 h4 53.bxa6 h3 54.Kf3 c3 55.a7 c2 56.a8=Q c1=Q 57.Qe8+ Kh7
58.Qh5+ Qh6 59.Qf5+ Kg8 60.Qe6+ Qxe6 61.dxe6 e4+ 62.Kg3 e3 63.a6 e2  0-1

[Event "1st WCh-Team Women"]
[Site "Ekaterinburg RUS"]
[Date "2007.05.20"]
[Round "1"]
[White "Kosintseva,T"]
[Black "Paehtz,E"]
[Result "1/2-1/2"]
[WhiteElo "2459"]
[BlackElo "2442"]

1.e4 d6 2.d4 Nf6 3.Nc3 e5 4.Nf3 exd4 5.Nxd4 Be7 6.g3 d5 7.e5 Ng4 8.e6 Nf6
9.exf7+ Kxf7 10.Bg2 c6 11.O-O Re8 12.Re1 Na6 13.Bg5 Bg4 14.Qd2 Qd7 15.Nf3 Bxf3
16.Bxf3 Qf5 17.Bg2 Nc5  1/2-1/2

[Event "Capo d'Orso"]
[Site "Porto Mannu PAL"]
[Date "2007.05.20"]
[Round "2"]
[White "Diotallevi,M"]
[Black "Giani,F"]
[Result "1-0"]
[WhiteElo "2137"]
[BlackElo "2023"]

1.d4 d6 2.e4 Nf6 3.Nc3 Nbd7 4.Be3 g6 5.f3 Bg7 6.Qd2 a6 7.Nge2 b5 8.Ng3 Nb6
9.Bh6 O-O 10.h4 b4 11.Nd1 c5 12.h5 Bxh6 13.Qxh6 g5 14.dxc5 dxc5 15.Qxg5+ Kh8
16.Qxc5 Be6 17.Ne3 Rc8 18.Qxb4 Qc7 19.Ne2 Nc4 20.Nxc4 Bxc4 21.Rc1 Qa7 22.b3 a5
23.Qd2 Rfd8 24.Qf4 Be6 25.Ng3 a4 26.Bd3 axb3 27.axb3 Bxb3 28.Ke2 Be6 29.Nf5 Rg8
30.g4 Bxf5 31.Qxf5 Rc5 32.Qf4 Rcg5 33.Ra1 Qc5 34.Qe3 Nxh5 35.Qxc5 Ng3+ 36.Ke3 Rxc5
37.Rh3 Nxe4 38.Bxe4 Rd8 39.Rxh7+ Kg8 40.Rah1 Rc3+ 41.Kf4  1-0

[Event "V Regina Helena Marques Prol"]
[Site "Santos BRA"]
[Date "2007.05.21"]
[Round "3"]
[White "Tsuboi,E"]
[Black "Limberg,E"]
[Result "0-1"]
[WhiteElo "2356"]
[BlackElo "2255"]

1.e4 d6 2.d4 Nf6 3.Nc3 e5 4.Nf3 Nbd7 5.Bc4 Be7 6.O-O O-O 7.a4 a5 8.Re1 c6
9.h3 exd4 10.Nxd4 Nc5 11.Ba2 Qb6 12.Qf3 Bd7 13.Nf5 Bxf5 14.Qxf5 Qb4 15.e5 dxe5
16.Qxe5 Rae8 17.Be3 Nfd7 18.Bxc5 Nxe5 19.Bxb4 Bxb4 20.Re3 Nd7 21.Rae1 Rxe3
22.Rxe3 Nc5 23.Ne4 Nxa4 24.c3 Be7 25.Ng3 Bf6 26.Re2 g6 27.Ne4 Be7 28.Nd2 Bd8
29.Nc4 Kg7 30.Kf1 Nc5 31.Nd6 a4 32.Re5 Nd3 33.Re2 Nc1 34.Re1 Nxa2 35.Ra1 Nxc3
36.bxc3 b5 37.c4 Be7  0-1